000 01544cam a22003494a 4500
001 14732644
003 NUST
005 20221213170130.0
008 070212s2007 ilua b 101 0 eng c
010 _a 2007006131
020 _a9780810124578 (cloth : alk. paper)
020 _a9780749451011
035 _a(OCoLC)ocm87389907
035 _a(OCoLC)87389907
040 _aIEN/DLC
_cDLC
_dBAKER
_dBTCTA
_dC#P
_dYDXCP
_dIXA
_dSOI
_dDLC
042 _apcc
050 0 0 _aHD42
_b.C648 2007
082 0 0 _a302.35,CON
_222
245 0 0 _aConflict in organizational groups :
_bnew directions in theory and practice /
_cedited by Kristin J. Behfar and Leigh L. Thompson.
260 _aEvanston, Ill. :
_bNorthwestern University Press :
_bKellogg School of Management,
_c2007.
300 _axviii, 292 p. :
_bill. ;
_c27 cm.
505 0 _aPart-1: Conflict and the Individual Group Member (Page-1), Part-2: Conflict and Group Processes (Page-143).
650 0 _aConflict management
_vCongresses.
_9104763
650 0 _aTeams in the workplace
_vCongresses.
_9104764
650 0 _aInterpersonal conflict
_vCongresses.
_9104765
700 1 _aBehfar, Kristin J.
_9104766
700 1 _aThompson, Leigh L.
_9104767
856 4 1 _3Table of contents only
_uhttp://www.loc.gov/catdir/toc/ecip0711/2007006131.html
856 4 2 _3Contributor biographical information
_uhttp://www.loc.gov/catdir/enhancements/fy0726/2007006131-b.html
856 4 2 _3Publisher description
_uhttp://www.loc.gov/catdir/enhancements/fy0726/2007006131-d.html
942 _2ddc
_cBK
_k302.35,CON
999 _c592675
_d592675